000
00254nam a2200097Ia 4500
005
20251222114412.0
008
251222s1900||||xx |||||||||||||| ||spa||
082
_a
DVD0060/S66/2002
245
0
_a
Storytelling: historias de ironÃa y perversión:
942
_c
DVD
999
_c
2091
_d
2091